[Event "Madrid-ch U16 Girls"]
[Site "Madrid"]
[Date "2016.04.24"]
[Round "7"]
[White "Aragoneses Montero, Elena"]
[Black "Aragon Lopez, Hiria"]
[Result "0-1"]
[WhiteElo "1414"]
[BlackElo "1447"]
[PlyCount "58"]
[EventDate "2016.04.16"]
[EventType "tourn"]
[EventRounds "7"]
[EventCountry "ESP"]
[SourceTitle "CBM 172 Extra"]
[Source "ChessBase"]
[SourceDate "2016.06.21"]
[SourceVersion "1"]
[SourceVersionDate "2016.06.21"]
[SourceQuality "1"]

1. e4 Nf6 2. Nc3 d5 3. e5 Ne4 4. Nxe4 dxe4 5. d4 exd3 6. cxd3 Nc6 7. Bf4 g6 8. h3 Bg7 9. Nf3 0-0 10. d4 Qd5 11. Be2 Bf5 12. Be3 Rad8 13. Qa4 a6 14. Rd1 Be4 15. 0-0 Qd7 16. Rd2 Nxe5 17. Qxd7 Nxd7 18. Bg5 Nf6 19. Bf4 Nd5 20. Bg5 f6 21. Bh4 b5 22. Re1 Bf5 23. g4 Bd7 24. Nh2 Nf4 25. Bf3 Kf7 26. Re4 Bh6 27. Bg3 Nxh3+ 28. Kg2 Bxd2 29. Kxh3 Ba5 0-1

[Event "Madrid-ch U16 Girls"]
[Site "Madrid"]
[Date "2016.04.23"]
[Round "5"]
[White "Vela Martinez, Marta"]
[Black "Aragon Lopez, Hiria"]
[Result "0-1"]
[WhiteElo "1135"]
[BlackElo "1447"]
[PlyCount "62"]
[EventDate "2016.04.16"]
[EventType "tourn"]
[EventRounds "7"]
[EventCountry "ESP"]
[SourceTitle "CBM 172 Extra"]
[Source "ChessBase"]
[SourceDate "2016.06.21"]
[SourceVersion "1"]
[SourceVersionDate "2016.06.21"]
[SourceQuality "1"]

1. e4 e6 2. Nf3 d5 3. d3 Nf6 4. Nc3 Bb4 5. Qe2 d4 6. a3 Bxc3+ 7. bxc3 dxc3 8. Bg5 h6 9. Bxf6 Qxf6 10. e5 Qe7 11. d4 0-0 12. Qc4 Rd8 13. Qxc3 a6 14. Qd3 c5 15. c3 Nc6 16. Qe4 Qc7 17. Bd3 cxd4 18. cxd4 Nxd4 19. Qh7+ Kf8 20. Qh8+ Ke7 21. Qxg7 Nxf3+ 22. gxf3 Rxd3 23. Qf6+ Ke8 24. 0-0 Qe7 25. Qh8+ Qf8 26. Qf6 Bd7 27. f4 Qg8+ 28. Kh1 Bc6+ 29. f3 Rxf3 30. Rg1 Rxf4+ 31. Rg2 Qxg2# 0-1

[Event "Madrid-ch U16 Girls"]
[Site "Madrid"]
[Date "2015.04.26"]
[Round "6"]
[White "Aragon Lopez, Hiria"]
[Black "De la Villa Ramos, Maria"]
[Result "1-0"]
[WhiteElo "1604"]
[BlackElo "1413"]
[PlyCount "43"]
[EventDate "2015.04.18"]
[EventType "tourn"]
[EventRounds "7"]
[EventCountry "ESP"]
[SourceTitle "EXT 2018"]
[Source "ChessBase"]
[SourceDate "2017.10.13"]
[SourceVersion "1"]
[SourceVersionDate "2017.10.13"]
[SourceQuality "1"]

1. e4 c5 2. Nf3 d6 3. Bb5+ Bd7 4. Bxd7+ Nxd7 5. 0-0 e5 6. c3 g6 7. d4 Bg7 8. Qb3 Qb6 9. Qc4 Rc8 10. Ng5 Nh6 11. Nxf7 Nxf7 12. Qe6+ Kf8 13. Qxd7 Qc7 14. Qxc7 Rxc7 15. dxe5 Bxe5 16. f4 Bg7 17. Nd2 b5 18. Nf3 h6 19. Nh4 Rh7 20. Nxg6+ Kg8 21. Re1 Rc8 22. Ne7+ 1-0

[Event "Madrid-ch U16 Girls"]
[Site "Madrid"]
[Date "2015.04.25"]
[Round "4"]
[White "Aragon Lopez, Hiria"]
[Black "Perez Perez, Marta"]
[Result "1-0"]
[WhiteElo "1604"]
[BlackElo "1354"]
[PlyCount "89"]
[EventDate "2015.04.18"]
[EventType "tourn"]
[EventRounds "7"]
[EventCountry "ESP"]
[SourceTitle "EXT 2018"]
[Source "ChessBase"]
[SourceDate "2017.10.13"]
[SourceVersion "1"]
[SourceVersionDate "2017.10.13"]
[SourceQuality "1"]

1. e4 e5 2. Nf3 Nc6 3. Bc4 Bc5 4. c3 Nf6 5. d4 exd4 6. cxd4 Bb4+ 7. Bd2 Bxd2+ 8. Nbxd2 d5 9. exd5 Nxd5 10. Bb5 Bd7 11. Qb3 Nb6 12. Ne5 Nxe5 13. dxe5 0-0 14. f4 Bxb5 15. Qxb5 Qd5 16. Qxd5 Nxd5 17. g3 Rfe8 18. Nf3 h6 19. Kf2 Rad8 20. f5 c6 21. Rhe1 Nc7 22. Rad1 Rxd1 23. Rxd1 Nd5 24. Rd4 Kf8 25. g4 Re7 26. Re4 Nc7 27. g5 hxg5 28. Nxg5 f6 29. exf6 gxf6 30. Rxe7 Kxe7 31. Ne4 Ne8 32. Kg3 Ng7 33. Kg4 a5 34. h4 b5 35. h5 Kf7 36. Nd6+ Kg8 37. h6 Nxf5 38. Kxf5 Kh7 39. Nf7 a4 40. Kxf6 c5 41. Kg5 b4 42. Kh5 c4 43. Ng5+ Kg8 44. Kg6 c3 45. h7+ 1-0

[Event "Madrid-ch U16 Girls"]
[Site "Madrid"]
[Date "2015.04.25"]
[Round "5"]
[White "Arribas Lopez, Sara"]
[Black "Aragon Lopez, Hiria"]
[Result "1-0"]
[WhiteElo "1512"]
[BlackElo "1604"]
[PlyCount "63"]
[EventDate "2015.04.18"]
[EventType "tourn"]
[EventRounds "7"]
[EventCountry "ESP"]
[SourceTitle "EXT 2018"]
[Source "ChessBase"]
[SourceDate "2017.10.13"]
[SourceVersion "1"]
[SourceVersionDate "2017.10.13"]
[SourceQuality "1"]

1. e4 e6 2. d4 d5 3. e5 c5 4. Qg4 Nc6 5. Nf3 cxd4 6. Bd3 Nge7 7. 0-0 Ng6 8. Re1 Qc7 9. Qg3 Bc5 10. a3 Qa5 11. h4 Ncxe5 12. Rxe5 Bd6 13. Bxg6 hxg6 14. Rxe6+ Bxe6 15. Qxd6 Rd8 16. Qe5 Rh7 17. Qxd4 Rc8 18. Nc3 Rc4 19. Qe5 Ke7 20. Bf4 Qb6 21. Nxd5+ Kd7 22. Nxb6+ axb6 23. Rd1+ Ke7 24. Qd6+ Kf6 25. Bg5+ Kf5 26. Qe5+ Kg4 27. Nh2+ Kh5 28. Be7+ Bf5 29. g4+ Rxg4+ 30. Nxg4 Kxg4 31. Qg3+ Kh5 32. Qg5# 1-0

[Event "Madrid-ch (Women)"]
[Site "Madrid"]
[Date "2014.12.18"]
[Round "3"]
[White "Aragon Lopez, Hiria"]
[Black "Collado Barbas, Laura"]
[Result "0-1"]
[WhiteElo "1413"]
[BlackElo "2132"]
[PlyCount "80"]
[EventDate "2014.12.12"]
[EventType "swiss"]
[EventRounds "5"]
[EventCountry "ESP"]
[SourceTitle "EXT 2019"]
[Source "ChessBase"]
[SourceDate "2018.10.10"]
[SourceVersion "1"]
[SourceVersionDate "2018.10.10"]
[SourceQuality "1"]

1. e4 e6 2. d4 d5 3. exd5 exd5 4. Nf3 a6 5. Bd3 Nc6 6. 0-0 Bd6 7. Bg5 f6 8. Bh4 Nge7 9. Re1 Bg4 10. Nbd2 Nxd4 11. c4 dxc4 12. Bxc4 b5 13. Bd5 Bxh2+ 14. Kxh2 Qxd5 15. Re4 Nxf3+ 16. gxf3 Bf5 17. Re3 0-0 18. Qb3 Qxb3 19. Nxb3 Nd5 20. Re2 Nf4 21. Rd2 Ne6 22. Rd7 Ng5 23. Rxc7 Nxf3+ 24. Kg3 Nxh4 25. Kxh4 Rfe8 26. Rg1 Re4+ 27. Kg3 Rd8 28. Nc5 Rg4+ 29. Kh2 Rh4+ 30. Kg3 Rdd4 31. Kf3 Rhf4+ 32. Ke3 g5 33. Rc1 Rd5 34. Rc6 Re5+ 35. Kd2 Rd4+ 36. Kc3 Rc4+ 37. Kd2 Rd5+ 38. Ke2 Rxc1 39. f3 Rdxc5 40. Rxc5 Rxc5 0-1